Sherlock Sam and the comic book caper in New York / (Record no. 2819)

MARC details
000 -LEADER
fixed length control field 00907nam a22002177a 4500
005 - DATE AND TIME OF LATEST TRANSACTION
control field 20240116102516.0
020 ## - INTERNATIONAL STANDARD BOOK NUMBER
International Standard Book Number 9789814615907
040 ## - CATALOGING SOURCE
Original cataloging agency FISKH
Language of cataloging eng
Transcribing agency FISKH
Modifying agency FISKH
082 ## - DEWEY DECIMAL CLASSIFICATION NUMBER
Classification number Fic
100 ## - MAIN ENTRY--PERSONAL NAME
Personal name LOW A. J.
245 ## - TITLE STATEMENT
Title Sherlock Sam and the comic book caper in New York /
Remainder of title By A. J. Low
250 ## - EDITION STATEMENT
Edition statement First Edition
260 ## - PUBLICATION, DISTRIBUTION, ETC.
Place of publication, distribution, etc. Singapore :
Name of publisher, distributor, etc. Epigram Books,
Date of publication, distribution, etc. 2016
300 ## - PHYSICAL DESCRIPTION
Extent 187 pages :
Dimensions 22 cm
505 ## - FORMATTED CONTENTS NOTE
Formatted contents note O
520 ## - SUMMARY, ETC.
Summary, etc. The Supper Club are attending the San Diego Comic-con when a piece of experimental technology is stolen by a real-life superhero turned real-life supervillain! Will Sherlock Sam, Watson and the rest of the gang be able to rush across the country to rescue the priceless technology from the clutches of this evil-doer? Or is this the end of the world as we know it?
521 ## - TARGET AUDIENCE NOTE
Target audience note 700
Source Lexile estimate
521 ## - TARGET AUDIENCE NOTE
Target audience note O
Source Raz-Plus
942 ## - ADDED ENTRY ELEMENTS (KOHA)
Source of classification or shelving scheme Dewey Decimal Classification
Koha item type Books
Suppress in OPAC No
999 ## -
-- 2819
-- 2819
Holdings
Withdrawn status Lost status Source of classification or shelving scheme Damaged status Not for loan Collection Home library Current library Shelving location Date acquired Total Checkouts Full call number Barcode Date last seen Date last checked out Price effective from Koha item type
    Dewey Decimal Classification     Juvenile Fiction Footprints International School Library Network Toul Kork Campus Footprints International School Library Network Toul Tom Poung Campus   01/16/2024 1 LOW Fic 2024-0035 02/06/2026 01/23/2026 01/16/2024 Books